000 00296nam a22001337a 4500
008 180906b xxu||||| |||| 00| 0 eng d
020 _a9780323009218
041 _aeng
080 _a610
100 _a2
101 _aSHM
245 _aGuide To Internal Medicine
_cPaauw.D.S
942 _2udc
_cBK
999 _c47581
_d47581